000 00420nam a2200133 i 4500
001 bg
100 1 _aNIZIOŁ, Józef
245 0 _aDynamika żyroskopów ze szczególnym uwzględnieniem żyroskopu całkującego w nieliniowym ujęciu deterministycznym i probabilistycznym /
_cJózef Nizioł.
260 _aKraków,
_c1975.
040 _cBPK
041 _apol
942 _cKS
008 s pl f |000 0 pol
999 _c16318
_d16318
856 _uhttp://koha.tu.koszalin.pl/cgi-bin/koha/opac-detail.pl?biblionumber=16318
_yKatalog online BPK